NBA Teams by Instagram Followers - Statistics

General Stats
  • This quiz has been taken 10 times
  • The average score is 8 of 30
Answer Stats
Follower Team % Correct
32.500.000 Golden State Warriors
100%
25.200.000 Los Angeles Lakers
100%
8.400.000 Boston Celtics
43%
10.200.000 Chicago Bulls
43%
16.300.000 Cleveland Cavaliers
43%
4.800.000 Brooklyn Nets
29%
6.300.000 Houston Rockets
29%
6.600.000 Miami Heat
29%
4.600.000 New York Knicks
29%
6.200.000 Oklahoma City Thunder
29%
5.400.000 San Antonio Spurs
29%
2.700.000 Atlanta Hawks
14%
2.600.000 Charlotte Hornets
14%
4.700.000 Dallas Mavericks
14%
3.100.000 Denver Nuggets
14%
1.700.000 Detroit Pistons
14%
3.600.000 Indiana Pacers
14%
5.300.000 Los Angeles Clippers
14%
2.000.000 Memphis Grizzlies
14%
5.400.000 Milwaukee Bucks
14%
4.200.000 Minnesota Timberwolves
14%
2.700.000 New Orleans Pelicans
14%
2.100.000 Orlando Magic
14%
4.500.000 Philadelphia 76ers
14%
3.600.000 Phoenix Suns
14%
2.900.000 Portland Trail Blazers
14%
2.200.000 Sacramento Kings
14%
4.100.000 Toronto Raptors
14%
1.400.000 Utah Jazz
14%
1.500.000 Washington Wizards
14%
No matching quizzes found
Score Distribution
Percent of People with Each Score
Percentile by Number Answered
Your Score History
You have not taken this quiz